ბათუმის შოთა რუსთაველის სახელმწიფო უნივერსიტეტის ბიბლიოთეკა

Правила и инструкции по технической экспулуатации металлических резервуаров и очистных сооружуний. (ბიბ.ჩანაწერი № 37014)

000 -LEADER
fixed length control field 00800nam a2200193Ia 4500
001 - CONTROL NUMBER
control field 2966
003 - CONTROL NUMBER IDENTIFIER
control field GE_BSU
008 - FIXED-LENGTH DATA ELEMENTS--GENERAL INFORMATION
fixed length control field 181216s||||||||xx |||||||||||||| ||und||
040 ## - CATALOGING SOURCE
Transcribing agency GE_BSU
080 ## - UNIVERSAL DECIMAL CLASSIFICATION NUMBER
Universal Decimal Classification number 621.642.004
245 ## - TITLE STATEMENT
Title Правила и инструкции по технической экспулуатации металлических резервуаров и очистных сооружуний.
245 ## - TITLE STATEMENT
Statement of responsibility, etc. Ред.изд-ва А.Б.Латай, Г.В.Растова.
260 ## - PUBLICATION, DISTRIBUTION, ETC.
Place of publication, distribution, etc. М.
260 ## - PUBLICATION, DISTRIBUTION, ETC.
Name of publisher, distributor, etc. Недра.
260 ## - PUBLICATION, DISTRIBUTION, ETC.
Date of publication, distribution, etc. 1977.
300 ## - PHYSICAL DESCRIPTION
Extent 464 стр. 20 см.
653 ## - INDEX TERM--UNCONTROLLED
Uncontrolled term Правила и инструкции по технической экспулуатации металлических резервуаров и очистных сооружуний.
942 ## - ADDED ENTRY ELEMENTS (KOHA)
Koha item type წიგნი
ეგზემპლარები
Withdrawn status Lost status Damaged status Not for loan Date acquired Barcode Date last seen Price effective from Koha item type
        2018-12-17 9382 2018-12-17 2018-12-17 წიგნი
        2018-12-17 9383 2018-12-17 2018-12-17 წიგნი
        2018-12-17 9384 2018-12-17 2018-12-17 წიგნი